000 00755cam a2200229 a 4500
001 000010070
005 20200929161828.0
008 920925s1988 sp 001 0 spa
020 _a8486072883
040 _aDO-SdBNP
_cDLC
082 _a861.0864
_bC453a
100 1 _aChampourcin, Ernestina de.
_925048
245 1 0 _aAntología poética /
_cErnestina de Champourcin ; prólogo y selección, Luzmaría Jiménez Faro.
260 _aMadrid :
_bTorremozas,
_c1988.
300 _a80 p. ;
_c17 cm.
490 1 _aTorremozas
_v50
650 4 _aPoesía española
_xColecciones
_93395
650 4 _aLiteratura española
_9632
700 1 _aJiménez Faro, Luzmaría,
_epról.
_925049
830 0 _aTorremozas ;
_v50
_925050
910 _aCatalogación por copia / LC
999 _c9829
_d9829